| 000 | 00679cam a22002291 4500 | ||
|---|---|---|---|
| 001 | sa 67003704 | ||
| 003 | DLC | ||
| 005 | 20260227112340.0 | ||
| 008 | 890619s1965 ii b 000 0 hino | ||
| 010 | _asa 67003704 | ||
| 035 | _a(OCoLC)19891919 | ||
| 040 |
_aDLC _cWaU _dNRU _dDLC |
||
| 042 | _apremarc | ||
| 050 | 0 | 0 |
_aPK2095.S8 _bZ847 |
| 100 | 1 |
_aŚarmā, Haravaṃśalāla, _d1915- |
|
| 245 | 1 | 0 |
_aSūra aura unakī sāhitya. _cLekhaka Harabansalāla Sharmā. |
| 260 |
_aAlīgaḍha, _bBhārata Prakāśana _c[1965] |
||
| 300 |
_a22, 379, 37, 20 p. _c25 cm. |
||
| 546 | _aIn Hindi. | ||
| 504 | _aBibliography: p. 16-20 (last group) | ||
| 600 | 0 | 0 |
_aSūradāsa, _d1483?-1563? |
| 999 |
_c73999 _d73999 |
||